| 000 | 00784nam a2200253 i 4500 | ||
|---|---|---|---|
| 001 | 67639 | ||
| 003 | ES-MaACL | ||
| 005 | 20230906170123.0 | ||
| 007 | t| | ||
| 008 | 040608s2003 sp |||| | spa d | ||
| 020 | _a84-470-1945-4 | ||
| 080 | _a338.246.025.88(460) | ||
| 080 | _a351.94(460) | ||
| 245 | 0 | 3 |
_aEl control jurídico de las privatizaciones de empresas / _cJuan Carlos da Silva Ochoa ... [et al.]. |
| 260 |
_aMadrid : _bCivitas, _c[2003] |
||
| 300 |
_a209 p. ; _c18 cm. |
||
| 490 | 1 | _aCuadernos Civitas | |
| 650 | 1 | 4 |
_aPrivatización- _zEspaña. _916408 |
| 650 | 1 | 4 |
_aPrivatización- _xDerecho- _zEspaña. _9168392 |
| 700 | 1 |
_aSilva Ochoa, Juan Carlos da. _9106407 |
|
| 830 | 0 |
_aCuadernos Civitas _9179683 |
|
| 852 |
_aES-MaACL _jL-27933 |
||
| 999 |
_c67639 _d67639 |
||